Personnalités au hasard #56 - Statistiques

Statistiques générales
  • Ce quiz a été pris 186 fois
  • Le résultat moyen est 9 sur 32
Statistiques - réponses
Par images Réponse % Correct
Hugo Lloris
89%
Grégory Villemin
79%
Gérald Darmanin
77%
Adrien Rabiot
73%
Lilian Thuram
66%
Warren Zaïre-Emery
57%
Rim'K
56%
Claudio Capéo
49%
Hugo Clément
48%
Henry Cavill
37%
Shawn Mendes
37%
Mila
23%
North West
22%
BEN plg
21%
Nicolas II de Russie
20%
Lil Tecca
18%
Brian May
17%
Lucas Dorable
16%
Claude Sarraute
15%
Ben l'Oncle Soul
12%
Laurent Jacobelli
9%
Margaret du Royaume-Uni
7%
Abdel Fattah al-Sissi
5%
Taboo
5%
Jacqueline Gourault
4%
Michèle Rubirola
4%
Claude Érignac
2%
Colette Cataldo
2%
John Newman
2%
Johnny Mathis
2%
Andy Williams
1%
Marc Jacobs
1%
Aucun quiz correspondant
Distribution des résultats
% des personnes avec chaque résultat
Percentile par nombre de réponses
Votre historique - résultats
Vous n’avez pas pris ce quiz